000 00475nam a2200157Ia 4500
003 LK-CoDNM
008 010623t2007 xxu||||| |||| 00| 1 eng d
040 _aLK-CoDNM
_dLK-CoDNM
_eLK-CoDNM
041 _aeng
080 _a354
_bWIJ
100 _aWijayasiri, Janaka
245 _aUtilization of preferential trade arrangement:Sri Lanka's experience with EU US GSP schemes
260 _bInstitute of policy studies
_aColombo 03
_c2007
300 _b(v)40, 28 cm
942 _cBK
999 _c126454
_d126454